000 00549nam a2200181Ia 4500
008 240729s9999 xx 000 0 und d
022 _a2515-5091
245 0 _aJNCI Cancer Spectrum
260 _aUnited Kingdom
260 _bOxford University Press
650 _a Internal medicine
650 _a Neoplasms. Tumors. Oncology. Including cancer and carcinogens | Medicine
650 _a Public aspects of medicine
650 _aMedicine
856 _uhttps://doaj.org/toc/d77dbc19ff014bfd9809d651b080337f
942 _2ddc
942 _cDOAJEJ
999 _c73871
_d73871
945 _a1
_bMadushi Gamage
_c1
_dMadushi Gamage